000 00474nam a2200181Ia 4500
003 GCL
008 140319s9999 xx 000 0 eng d
040 _aGCL /
_cGCL
082 0 4 _a843
_bF E
100 1 _aFLAUBERT, GUSTAVE
245 1 0 _aL' EDUCATION SENTIMENTALE /
_cFLAUBERT, GUSTAVE
260 _a[S.N] :
_bGALLIMARD ،
_c1995
300 _a502 P
490 _aCOLLECTION FOLIO CLASSIQUE
_v0
650 0 4 _aLITERATURE
650 0 4 _aFRENCH LITERATURE
942 _2ddc
_cBK
999 _c21583
_d21583